| 000 | 01063 a2200217 4500 | ||
|---|---|---|---|
| 999 |
_c8372 _d8372 |
||
| 003 | GBCCL | ||
| 005 | 20241126110649.0 | ||
| 008 | 200214b ||||| |||| 00| 0 eng d | ||
| 020 | _a9789351250081 | ||
| 020 | _a9351250083 | ||
| 040 | _cGBC | ||
| 082 |
_a305.80095 _a305.800954163 _bDEV |
||
| 245 |
_aDevelopment of tribal people of North-East India : _bissues and challenges/ _cedited by Ram Krishna Mandal. |
||
| 260 |
_aNew Delhi : _bConcept Publishing Company, _c2015. |
||
| 300 | _alii, 571 pages ; 22 cm | ||
| 505 | _aContributed articles presented at the national seminar themed Development of Tribal People in Arunachal Pradesh, organized by the Department of Economics, Dera Natung College, Itanagar, held during November 21-22, 2009. | ||
| 650 |
_aTribes -- India -- Arunāchal Pradesh -- Economic conditions -- Congresses. _914628 |
||
| 650 |
_aTribes -- India -- Arunāchal Pradesh -- Social conditions -- Congresses. _914629 |
||
| 650 |
_aTribes -- Government policy -- India -- Arunāchal Pradesh -- Congresses. _914630 |
||
| 942 |
_2ddc _cBK _04 |
||